| 000 | 00779cam a2200145 4500500 | ||
|---|---|---|---|
| 005 | 20251228082841.0 | ||
| 041 | _afre | ||
| 042 | _adc | ||
| 100 | 1 | 0 |
_aQuantin, Jean-Louis _eauthor |
| 245 | 0 | 0 | _aJohn Toland, La Constitution primitive de l’Église chrétienne / The Primitive Constitution of the Christian Church. Texte anglais et traduction manuscrite précédés de L’Ecclésiologie de John Toland par Laurent Jaffro, Paris, Champion, coll. « Libre-pensée et littérature clandestine », 2003. Un vol. 15,5 × 22,5 cm de 272 p. |
| 260 | _c2004. | ||
| 500 | _a67 | ||
| 786 | 0 | _nDix-septième siècle | 223 | 2 | 2004-06-01 | p. 333f-347f | 0012-4273 | |
| 856 | 4 | 1 | _uhttps://shs.cairn.info/revue-dix-septieme-siecle-2004-2-page-333f?lang=fr&redirect-ssocas=7080 |
| 999 |
_c1599928 _d1599928 |
||